Ricostruisci la Carriera del Calciatore - Keylor Navas - Statistics

Statistiche generali
  • Questo quiz è stato fatto 12 volte
  • Il punteggio medio è 5 su 7
Statistiche sulle risposte
Hint Risposta % Corretto
2011-2014 Levante
88%
2010-2011 Albacete
75%
2019-2023 Paris Saint-Germain
75%
2023- Paris Saint-Germain
75%
2014-2019 Real Madrid
75%
2005-2010 Saprissa
75%
2023 Nottingham Forest
63%
Nessun quiz corrispondente trovato
Distribuzione punteggi
Percentuale di utenti per punteggio
Percentile per numero di risposta
I tuoi punteggi nel tempo
Non hai fatto questo quiz